HISTORY OF MES PAKISTAN (Record no. 542707)
[ view plain ]
| 000 -LEADER | |
|---|---|
| fixed length control field | 00387nam a22001337a 4500 |
| 082 ## - DEWEY DECIMAL CLASSIFICATION NUMBER | |
| Classification number | 358.295491 |
| Author Mark | HIS |
| -- | L-40,P-69 |
| 100 ## - MAIN ENTRY--PERSONAL NAME | |
| Personal name | SYED SHUJAAT HUSSAIN |
| 9 (RLIN) | 1628 |
| 245 ## - TITLE STATEMENT | |
| Title | HISTORY OF MES PAKISTAN |
| Remainder of title | SYED SHUJAAT HSSAIN |
| 260 ## - PUBLICATION, DISTRIBUTION, ETC. | |
| Place of publication, distribution, etc. | RAWALPINDI |
| Name of publisher, distributor, etc. | SYED SHUJAAT HUSSAIN |
| Date of publication, distribution, etc. | 1991 |
| 300 ## - PHYSICAL DESCRIPTION | |
| Extent | 335P.: |
| Dimensions | 25 CM |
| 526 ## - STUDY PROGRAM INFORMATION NOTE | |
| Program name | 0 |
| Interest level | 0 |
| Reading level | 0 |
| Title point value | 358_295491000000000_HIS |
| 650 ## - SUBJECT ADDED ENTRY--TOPICAL TERM | |
| Topical term or geographic name entry element | MCE |
| 9 (RLIN) | 379 |
| 942 ## - ADDED ENTRY ELEMENTS (KOHA) | |
| Source of classification or shelving scheme | |
| Koha item type | Book |
| Withdrawn status | Lost status | Source of classification or shelving scheme | Damaged status | Not for loan | Permanent Location | Current Location | Date acquired | Total Checkouts | Full call number | Barcode | Date last seen | Price effective from | Koha item type |
|---|---|---|---|---|---|---|---|---|---|---|---|---|---|
| Military College of Engineering (MCE) | Military College of Engineering (MCE) | 02/12/2014 | 358.295491 HIS | MCE-35281 | 02/12/2014 | 02/12/2014 | Book |
